Villes Françaises avec des Ambassades ou des Consulats - Statistiques

Statistiques générales
  • Ce quiz a été pris 64 fois
  • Le résultat moyen est 40 sur 144
Statistiques - réponses
Nombre Ville % Correct
38 Bordeaux
94%
3 Brest
93%
46 Lyon
87%
6 Rennes
87%
29 Toulouse
85%
4 Ajaccio
83%
60 Marseille
81%
12 Nantes
81%
23 Nice
80%
208 Paris
80%
1 Bastia
78%
6 Grenoble
78%
10 Montpellier
78%
15 Lille
76%
1 Toulon
76%
1 Angers
74%
5 Le Havre
74%
1 Lorient
72%
8 Dijon
70%
6 Rouen
70%
3 Saint-Étienne
70%
2 Orléans
69%
4 Perpignan
69%
2 Quimper
67%
29 Strasbourg
67%
2 La Rochelle
63%
1 Nîmes
63%
1 Pau
63%
2 Saint-Malo
63%
4 Tours
61%
1 Bayonne
59%
2 Besançon
59%
1 Biarritz
59%
5 Saint-Denis
59%
1 Annecy
57%
1 Reims
57%
2 Amiens
54%
1 Saint-Brieuc
54%
2 Roubaix
52%
1 Le Port
50%
2 Mulhouse
50%
2 Calais
46%
6 Cayenne
46%
1 Dunkerque
46%
1 Porto-Vecchio
46%
3 Villeurbanne
46%
1 Cherbourg-en-Cotentin
44%
1 Avignon
43%
2 Troyes
41%
11 Fort-de-France
39%
3 Pointe-à-Pitre
37%
3 Boulogne-Billancourt
33%
1 Boulogne-sur-Mer
33%
1 Nanterre
33%
1 Saint-Pierre
33%
1 Créteil
31%
11 Nouméa
31%
1 Pessac
31%
1 Kourou
24%
1 Saint-Jean
24%
1 Le Tampon
22%
1 Bobigny
20%
1 Charleville-Mézières
20%
1 Lourdes
20%
1 Villeneuve-d'Ascq
20%
3 Neuilly-sur-Seine
19%
2 Talence
17%
8 Papeete
15%
2 Pontoise
15%
1 Saint-Benoît
13%
1 Sainte-Marie
11%
1 Le Grand-Quevilly
9%
1 Le Petit-Quevilly
9%
1 Orly
9%
1 Biguglia
7%
1 Caluire-et-Cuire
7%
1 Faaa
7%
1 Le Cannet
7%
3 Le Lamentin
7%
1 Matoury
7%
1 Saint-Chamond
7%
1 Schiltigheim
7%
5 Baie-Mahault
6%
1 Colombes
6%
1 Orvault
6%
1 Rémire-Montjoly
6%
1 Saint-Jean-de-Luz
6%
2 Cagnes-sur-Mer
4%
2 Gradignan
4%
1 Gustavia
4%
1 La Possession
4%
1 Le Moule
4%
1 Pantin
4%
1 Vence
4%
1 Villenave-d'Ornon
4%
1 Avanton
2%
1 Bois-Guillaume
2%
2 Bruges
2%
1 Chassieu
2%
1 Marcq-en-Barœul
2%
2 Mont-Saint-Aignan
2%
1 Pornichet
2%
1 Saint-Briac-sur-Mer
2%
1 Saint-Cloud
2%
3 Saint-Didier-au-Mont-d'Or
2%
1 Vertou
2%
1 Bagnolet
0%
1 Betton
0%
1 Blaesheim
0%
1 Caféière
0%
1 Campagne-lès-Guînes
0%
1 Case-Pilote
0%
1 Cébazat
0%
1 Charbonnières-les-Bains
0%
1 Chaville
0%
1 Colleville-Montgomery
0%
1 Daix
0%
1 Epfig
0%
1 Fretin
0%
1 Gréasque
0%
1 Hermanville-sur-Mer
0%
1 Hœrdt
0%
1 La Brède
0%
1 Lantriac
0%
1 La Wantzenau
0%
1 Le Portel
0%
2 Lescar
0%
1 Lespignan
0%
1 Ludon-Médoc
0%
1 Montrabé
0%
1 Paea
0%
4 Puna'auia
0%
2 Ramonville-Sainte-Agne
0%
1 Riedisheim
0%
1 Rivesaltes
0%
1 Saint-Geroges
0%
1 Saint-Jean-de-la-Motte
0%
1 Sarrola-Carcopino
0%
1 Seclin
0%
1 Villefranche-sur-Mer
0%
1 Villemomble
0%
1 Villeneuve-Loubet
0%
1 Westhouse
0%
Aucun quiz correspondant
Distribution des résultats
% des personnes avec chaque résultat
Percentile par nombre de réponses
Votre historique - résultats
Vous n’avez pas pris ce quiz